| 000 | 00809nam a2200277Ia 4500 | ||
|---|---|---|---|
| 003 | OSt | ||
| 005 | 20220928130256.0 | ||
| 006 | a|||||r|||| 00| 0 | ||
| 007 | ta | ||
| 008 | 220927b |||||||| |||| 00| 0 eng d | ||
| 020 | _c8210.241 | ||
| 024 | _a119646 | ||
| 037 |
_b574, 25/09/2013, New India Book Agency _cTextual |
||
| 040 |
_aSDCL _cSDCL _beng |
||
| 041 |
_2eng _aeng |
||
| 082 | _aE9G:3,88, Q2 | ||
| 100 | _aBuchholz Klaus | ||
| 245 | 0 | _aBiocatalysts and enzyme technology . | |
| 250 | _a2nd | ||
| 260 |
_aWeinheim _bWiley-Blackwell _c2012 |
||
| 300 |
_axx,606p _ccm. |
||
| 650 | _aBiophysics | ||
| 700 |
_a Kasche Volker _9473381 |
||
| 942 |
_hE9G:3,88, Q2 _cTEXL _2CC |
||
| 999 |
_c785882 _d785882 |
||